| 000 | 00958nam a2200241 i 4500 | ||
|---|---|---|---|
| 001 | 156237 | ||
| 003 | ES-MaACL | ||
| 005 | 20250824063048.0 | ||
| 008 | 931025s1857 sp |||| | spa d | ||
| 040 |
_aTG-BE _bspa _cPAB |
||
| 080 | _a94(=411.21:460)"14/16" | ||
| 100 | 1 |
_aJaner, Florencio, _d1831-1877 _966005 |
|
| 245 | 1 | 0 |
_aCondicion social de los moriscos de España _b: causas de su expulsion, y consecuencias que esta produjo en el orden económico y político / _csu autor Florencio Janer. |
| 260 |
_aMadrid : _b[s.n.], _c1857 ( _fImprenta de la Real Academia de la Historia por los sres. V. Matute y B. Compagni) |
||
| 300 |
_a378 p. ; _c27 cm. |
||
| 500 | _aObra premiada por la Real Academia de la Historia. | ||
| 510 | 4 |
_aPalau, _c122948 |
|
| 597 | _aAntep. | ||
| 597 | _aPort. con esc. real. | ||
| 650 | 4 |
_aMoriscos- _xHistoria. _9145057 |
|
| 852 |
_aES-MaACL _jF-2085(2) _z-- Enc. pasta española |
||
| 999 |
_c156237 _d156237 |
||